000 01180nam0a22002771 4500
001 rc\4223393
005 20260407111220.0
021 _aRU
_b[63-53253]
035 _a(NLR Aleph) 008460253
090 _a7864808
_c7864808
100 _a20130416d1963 |||y0rusy50 ca
101 0 _arus
102 _aRU
105 _ay z |||||
200 1 _aX съезд партии и его решения
_aПереход к новой экономической политике
_e(Конспект лекций)
_fМ-во высш. и сред. спец. образования РСФСР. Моск. ордена Ленина авиац. ин-т им. Серго Орджоникидзе
210 _aМосква
_cБ. и.
_d1963
215 _a26 с.
_d20
601 0 2 _aКПСС
_xИстория
_z1921-1925
_2psbo
606 _aНовая экономическая политика (НЭП)
_2psbo
700 1 _aАкимова
_bА.Ф.
_gАлександра Федоровна
712 0 2 _aРКП(б)
_bСъезд
_d10
_f1921
_eМосква
_3RU\NLR\AUTH\8810063204
_9628009
801 0 _aRU
_bNLR
_gpsbo
801 1 _aRU
_bELAR
_2rusmarc
852 _aNLR
_j63-4/12737
942 _cBOOK
980 _aNB